| 000 | 00979nam a22002537i 4500 | ||
|---|---|---|---|
| 999 |
_c22699 _d22699 |
||
| 003 | AR-CdUCM | ||
| 008 | 230927b ||||| |||| 00| 0 spa d | ||
| 040 |
_aMUNICIPALIDAD PROVINCIAL DEL CUSCO _cBIBLIOTECA MUNICIPAL DEL CUSCO |
||
| 041 | _hspa | ||
| 082 |
_a498.518 / C813 / e.2 _bC813 / e.2 |
||
| 100 |
_aCornejo Vergara, Gregorio _948891 |
||
| 245 |
_aInterculturalidad y Lengua Quechua / _cAutor |
||
| 260 |
_aCusco : _c2020. |
||
| 300 |
_a223 páginas. : _c16 cm. |
||
| 500 | _zBibliografía: páginas 217-218 | ||
| 505 | _aCrónica de la fundación de la academia mayor de la lengua quechua -- Alfabeto quechua -- Inventario fonológico -- Gramática quechua. | ||
| 650 |
_aFundación de la academia _948892 |
||
| 650 |
_aPenta vocálica - Quechua _949095 |
||
| 650 |
_aCaracterísticas del quechua _948894 |
||
| 650 |
_aTipología lingüística _948895 |
||
| 650 |
_aEstructura gramatical del quechua _948896 |
||
| 942 |
_2ddc _cLIBROS |
||
| 945 |
_apebm _d2023-09-27 |
||